01743nam a2200193 a 4500001000400000003000900004008004100013040002800054082001500082245008800097260005100185300001500236505105300251650003501304650003101339942001201370999001701382952015001399397CO-ViMGA141112s2004 ck r 000 u spa d aCO-ViMGAbspacCO-ViMGA04a616.5 M15410aManifestaciones cutáneas de las enfermedades sistematicas : batlas color y texto aBuenos Aires : bMedica PanAméricana, c1997 a424 p : il aEnfermedades reumáticas Lupus eritematoso; Dermatomiositis; Síndromes de superposición; Enfermedad mixta del tejido conectivo Enfermedades vasculares Púrpuras; Vasculitis; Livedos Enfermedades por depósito, metabolicas y endocrinas Amiloidosis, Gota; Diabetes; Porfirias; 112 - - Aparato digestivo y alteraciones nutricionales Gastrointestinales; Enfermedades intestinales inflamatorias; Síndrome de glucagonoma 157 - - Enfermedades cardiopulmonares Cutis laxa; Hipocratismo digital; Embolia de colesterol; Endocartitis infecciosa; 185 - - Enfermedades renales Enfermedades sistemicas renocutáneas; manifestaciones cutáneas en el trasplantado renal 194 - - Enfermedades cutáneas de la inmunosupresión SIDA; Neoplasias; Afecciones tóxicas y alergicas 302 - - Enfermedades psicocutáneas Condiciones inflienciadas por factores emocionales 336 - - Farmacodermias Clasificación de acuerdo con los mecanismos patogenicos 344 - - Dermatosis paraneoplásicas Dermatosis 392 - - Prurito Generalizado; Localizado; Psicógeno 415 14aENFERMEDADES SISTEMICAS94815514aPIEL - ENFERMEDADES948156 2ddccBK c12639d12639 00102ddc40708002aMEVIECARbMEVIECARd2015-12-04hVolumen. 1 | 11/jun/2009l0o616.5 M154 p00208r2015-12-04 00:00:00tEj. 1w2015-12-04yBK